| 000 | 01110nam a22002297a 4500 | ||
|---|---|---|---|
| 001 | 9053 | ||
| 003 | FISKH | ||
| 005 | 20251118104650.0 | ||
| 008 | 251118b cb ||||| |||| 00| 0 eng d | ||
| 020 | _a9780194645058 | ||
| 040 |
_aFISKH _beng _cFISKH _dFISKH |
||
| 082 | _a428.75 | ||
| 100 | _aRaynham, Alex | ||
| 245 |
_aMaterials to products / _c Alex Raynham |
||
| 260 |
_aNew York: _bOxford University Press, _c2011. |
||
| 300 |
_a56 pages : _bcolor illustrations ; _c21 cm |
||
| 520 | _aThis exciting new series of non-fiction readers provides interesting and educational content, with activities and project work. The readers are graded at four levels, from 3 to 6, suitable for students from age 8 and older. They can support Content and Language Integrated Learning (CLIL), andcover a broad range of topics, within three curriculum areas:The World of Science and TechnologyThe Natural WorldThe World of Arts and Social StudiesAlso available for each reader | ||
| 650 |
_aMaterials _vManufacturing _yHow things are made |
||
| 650 |
_a Products _vScience |
||
| 942 |
_2ddc _cBK _n0 |
||
| 999 |
_c9053 _d9053 |
||